[Event "Politiken Cup 2011"]
[Site "Helsingor"]
[Date "2011.08.04"]
[Round "7.84"]
[White "Petersen, Nils"]
[Black "Rydstrom, Tom"]
[Result "0-1"]
[WhiteElo "2051"]
[BlackElo "1905"]
[PlyCount "86"]
[EventDate "2011.??.??"]
[WhiteTeam "Øbro"]

1. c4 e6 2. g3 d5 3. Bg2 Nf6 4. Nf3 Be7 5. O-O O-O 6. b3 b6 7. Bb2 Bb7 8. d3 c5
9. e3 Nc6 10. Nbd2 Rc8 11. Qe2 Qc7 12. Rfc1 Rfd8 13. a3 Qb8 14. cxd5 Nxd5 15.
d4 Qa8 16. dxc5 Bxc5 17. b4 Be7 18. e4 Nf6 19. b5 Na5 20. Rxc8 Rxc8 21. Ne1 Rd8
22. Bc3 Qc8 23. Bb2 Qd7 24. Nef3 Bc5 25. Bxf6 gxf6 26. a4 Qc8 27. h3 Bb4 28.
Nf1 Qc3 29. Ra2 Rc8 30. N3d2 Qe5 31. Kh2 Rd8 32. Rc2 Qd4 33. Bf3 Bc5 34. Nc4
Nxc4 35. Qxc4 Qxc4 36. Rxc4 Rd3 37. Be2 Ra3 38. g4 Bxf2 39. Rc7 Bxe4 40. Rxa7
Ra2 41. Bc4 Rc2 42. Bb3 Rb2 43. Bc4 Bh4+ 0-1

[Event "Politiken Cup 2011"]
[Site "Helsingor"]
[Date "2011.08.04"]
[Round "7.85"]
[White "Rodvik, Trym Daniel"]
[Black "Haubro, Martin"]
[Result "1/2-1/2"]
[WhiteElo "1843"]
[BlackElo "2040"]
[PlyCount "93"]
[EventDate "2011.??.??"]
[WhiteTeam "Hamar Sjakkselskap"]
[BlackTeam "BMS"]

1. e4 c5 2. Nf3 d6 3. d4 cxd4 4. Nxd4 Nf6 5. Nc3 a6 6. Be3 e5 7. Nb3 Be6 8. f3
h5 9. Qd2 Nbd7 10. Be2 Be7 11. O-O-O b5 12. g3 Qc7 13. Nd5 Bxd5 14. exd5 Nb6
15. Bxb6 Qxb6 16. Rhe1 O-O 17. Bf1 a5 18. Nd4 exd4 19. Rxe7 Nxd5 20. Ree1 Nb4
21. Qxd4 Qc6 22. c3 d5 23. Kb1 Qg6+ 24. Bd3 Nxd3 25. Qxd3 Qf6 26. Qxd5 b4 27.
cxb4 axb4 28. Qb3 Qf5+ 29. Qd3 Qh3 30. Re2 Ra5 31. Qe4 Qc8 32. Qxb4 Rxa2 33.
Red2 Ra8 34. Rd5 Qa6 35. Qa3 Qc4 36. R5d4 Qe6 37. Rd6 Qc4 38. R6d4 Qe6 39. Rd6
Qf5+ 40. Qd3 Qa5 41. Qa3 Qb5 42. R6d5 Qb6 43. Rd6 Qf2 44. R6d2 Qb6 45. Rd6 Qb5
46. R6d5 Qb6 47. Rd6 1/2-1/2

[Event "Politiken Cup 2011"]
[Site "Helsingor"]
[Date "2011.08.04"]
[Round "7.32"]
[White "Percivaldi, Martin"]
[Black "Nielsen, Frode B"]
[Result "1-0"]
[WhiteElo "1838"]
[BlackElo "2028"]
[PlyCount "107"]
[EventDate "2011.??.??"]
[WhiteTeam "Hillerød"]
[BlackTeam "Frederiksberg"]

1. d4 f5 2. g3 Nf6 3. Bg2 e6 4. c4 d5 5. Nf3 c6 6. O-O Ne4 7. b3 Na6 8. Ne5 Bd6
9. f3 Ng5 10. Ba3 Nb4 11. h4 Nf7 12. Nxf7 Kxf7 13. f4 a5 14. c5 Be7 15. Nd2 b6
16. cxb6 Qxb6 17. Bb2 c5 18. Nf3 Re8 19. Rf2 Ba6 20. Bf1 Nc6 21. e3 Bxf1 22.
Kxf1 a4 23. Ne5+ Nxe5 24. fxe5 g6 25. dxc5 Bxc5 26. Bd4 Qb5+ 27. Kg2 Be7 28.
Rb1 Rec8 29. Rc2 axb3 30. Rxc8 Rxc8 31. axb3 Bb4 32. Qf1 Rc2+ 33. Kh3 Qxf1+ 34.
Rxf1 Ke8 35. Ra1 Bc3 36. Ra8+ Kd7 37. Ra7+ Kc6 38. Rxh7 Bxd4 39. exd4 Rd2 40.
Re7 Rxd4 41. Rxe6+ Kc5 42. Rxg6 Re4 43. Re6 f4 44. gxf4 Rxf4 45. h5 Rb4 46. h6
Rxb3+ 47. Kg4 Rb1 48. Kg5 d4 49. h7 Rb8 50. Rd6 Re8 51. Kf6 Rf8+ 52. Kg7 Re8
53. Rd7 d3 54. h8=Q 1-0

[Event "Politiken Cup 2011"]
[Site "Helsingor"]
[Date "2011.08.04"]
[Round "7.100"]
[White "Mortensen, Henrik"]
[Black "Erikstad, Olav"]
[Result "1-0"]
[WhiteElo "2024"]
[BlackElo "1844"]
[PlyCount "81"]
[EventDate "2011.??.??"]
[WhiteTeam "Horsens"]
[BlackTeam "Akademisk Sjakklubb Oslo"]

1. e4 c6 2. d4 d5 3. exd5 cxd5 4. Bd3 Nc6 5. c3 Nf6 6. Bf4 Bg4 7. Qb3 Qc8 8.
Nd2 e6 9. Ngf3 Be7 10. O-O O-O 11. Rfe1 a6 12. Ne5 Nxe5 13. Bxe5 Nd7 14. Qc2 h6
15. Bf4 Nb6 16. h3 Bh5 17. g4 Bg6 18. Bxg6 fxg6 19. Bxh6 Bh4 20. Be3 Rf6 21.
Rf1 Qc6 22. f4 Qd6 23. Nf3 Nc4 24. Qe2 Bg3 25. Ne5 Nxe3 26. Qxe3 Bh4 27. g5 Rf5
28. Nxg6 Raf8 29. Nxh4 Rxf4 30. Ng6 Rxf1+ 31. Rxf1 Rxf1+ 32. Kxf1 Qh2 33. Qxe6+
Kh7 34. Qf5 Qh1+ 35. Ke2 Qg2+ 36. Kd1 Qh1+ 37. Kc2 Qh2+ 38. Kb3 Qd6 39. Ne7+
Kh8 40. Qf8+ Kh7 41. Qg8# 1-0

[Event "Politiken Cup 2011"]
[Site "Helsingor"]
[Date "2011.08.04"]
[Round "7.116"]
[White "Larsen, Hans Haagen"]
[Black "Radice, Luca"]
[Result "1-0"]
[WhiteElo "1732"]
[BlackElo "2021"]
[PlyCount "79"]
[EventDate "2011.??.??"]
[WhiteTeam "AS04"]
[BlackTeam "Monza"]

1. d4 d6 2. Nf3 f5 3. Bf4 Nf6 4. h3 g6 5. e3 Bg7 6. Nbd2 O-O 7. Be2 Qe8 8. c3
Nbd7 9. Qb3+ Kh8 10. O-O-O e5 11. dxe5 dxe5 12. Bh2 a5 13. Nh4 a4 14. Qc2 Nc5
15. g4 Nfe4 16. Nxe4 fxe4 17. f3 Be6 18. c4 b5 19. fxe4 b4 20. Qb1 b3 21. a3
Qc6 22. Rd5 Rf2 23. Kd2 Nd7 24. Bg3 Rf7 25. Nf3 Bxd5 26. exd5 Qd6 27. Ng5 Re7
28. h4 c6 29. Ne4 Qc7 30. h5 cxd5 31. cxd5 Qa5+ 32. Nc3 e4 33. hxg6 Nf8 34.
gxh7 Rc8 35. d6 Ree8 36. Rh4 Bxc3+ 37. bxc3 Qxc3+ 38. Kd1 Qxe3 39. Qb2+ Rc3 40.
Bf2 1-0

[Event "Politiken Cup 2011"]
[Site "Helsingor"]
[Date "2011.08.04"]
[Round "7.117"]
[White "Celander, Adam"]
[Black "Johnsen, Oystein"]
[Result "0-1"]
[WhiteElo "2006"]
[BlackElo "1724"]
[PlyCount "36"]
[EventDate "2011.??.??"]
[BlackTeam "Tonsberg"]

1. e4 c5 2. Nf3 e6 3. d4 cxd4 4. Nxd4 Nc6 5. Be2 Qc7 6. Nc3 a6 7. O-O Nf6 8. a4
b6 9. Be3 Bb7 10. Nb3 Bb4 11. Bd2 Bxc3 12. Bxc3 Nxe4 13. Bxg7 Rg8 14. f3 Ng3
15. hxg3 Qxg3 16. Qe1 Qxg7 17. Rf2 h5 18. Bd3 Ne5 0-1

[Event "Politiken Cup 2011"]
[Site "Helsingor"]
[Date "2011.08.04"]
[Round "7.118"]
[White "Pimenta, Antonio"]
[Black "Clausen, Hansjorgen"]
[Result "1-0"]
[WhiteElo "2006"]
[BlackElo "1675"]
[PlyCount "139"]
[EventDate "2011.??.??"]
[WhiteTeam "Dommeldange Beggen"]
[BlackTeam "Gråsten"]

1. e4 b6 2. c4 Bb7 3. Nc3 e6 4. a3 d6 5. d4 Nd7 6. Nf3 Ngf6 7. Bd3 e5 8. O-O
exd4 9. Nxd4 Nc5 10. f3 Nxd3 11. Qxd3 Be7 12. b4 O-O 13. Nf5 Nd7 14. Nd5 Bxd5
15. cxd5 Bf6 16. Rb1 a5 17. b5 Nc5 18. Qc4 Bg5 19. Bb2 Bf6 20. Nd4 Bxd4+ 21.
Bxd4 Qg5 22. Rfe1 f6 23. Be3 Qg6 24. Bxc5 bxc5 25. b6 cxb6 26. Rxb6 Rfd8 27. f4
Qf7 28. Reb1 Qe8 29. Rc6 h6 30. Rbb6 Qe7 31. h3 Rab8 32. Qa4 Ra8 33. Ra6 Rxa6
34. Rxa6 Qb7 35. Qxa5 Qb1+ 36. Kh2 Re8 37. Rxd6 Qxe4 38. Qd2 Qc4 39. Re6 Rd8
40. Qe3 Rxd5 41. Re4 Qd3 42. Re8+ Kh7 43. Qe6 Qf5 44. Qe4 Qxe4 45. Rxe4 Rd3 46.
a4 Ra3 47. Rc4 Kg6 48. g4 Kf7 49. f5 Ke7 50. Rxc5 Rxa4 51. Rc7+ Kf8 52. Kg3
Ra3+ 53. Kh4 Re3 54. Ra7 Rd3 55. Kh5 Rxh3+ 56. Kg6 Rg3 57. Rf7+ Ke8 58. Kxg7
Rxg4+ 59. Kxf6 h5 60. Rh7 h4 61. Rh8+ Kd7 62. Kf7 Rf4 63. f6 Rg4 64. Kf8 Kd8
65. f7 Kd7 66. Rh5 Rf4 67. Rh6 Rg4 68. Rh7 Kd8 69. Rg7 Rg3 70. Kg8 1-0

[Event "Politiken Cup 2011"]
[Site "Helsingor"]
[Date "2011.08.04"]
[Round "7.119"]
[White "Lindholm, Lars"]
[Black "Hedlerfog, Robert"]
[Result "1-0"]
[WhiteElo "1722"]
[BlackElo "2006"]
[PlyCount "87"]
[EventDate "2011.??.??"]
[WhiteTeam "HaSS"]
[BlackTeam "HG Schack"]

1. Nc3 d5 2. e4 c6 3. Nf3 dxe4 4. Nxe4 Nf6 5. Ng3 h5 6. Bc4 e6 7. d4 a5 8. Bg5
Be7 9. c3 b5 10. Bd3 Ba6 11. Qe2 Nd5 12. h4 Bxg5 13. Nxg5 Nf4 14. Qe4 Nxd3+ 15.
Qxd3 Nd7 16. Qf3 f6 17. Nxe6 Qe7 18. Qe3 Kf7 19. Nf4 Rae8 20. Kd2 Qd6 21. Qf3
b4 22. Nf5 bxc3+ 23. bxc3 Qa3 24. Rhb1 Rc8 25. Rb3 Qf8 26. Re1 Bc4 27. Re7+
Qxe7 28. Nxe7 Bxb3 29. axb3 Kxe7 30. Ng6+ Kf7 31. Nxh8+ Rxh8 32. Qxc6 Rd8 33.
Qd5+ Ke7 34. Qxa5 Rb8 35. Kc2 Rb6 36. Qf5 Ra6 37. Kb2 Nf8 38. Qc5+ Rd6 39. Qxh5
g6 40. Qc5 Ne6 41. Qa7+ Rd7 42. Qa3+ Kf7 43. Qa4 Rb7 44. g3 1-0

[Event "Politiken Cup 2011"]
[Site "Helsingor"]
[Date "2011.08.04"]
[Round "7.86"]
[White "Johansen, Johnny Holler"]
[Black "Hoel, Jorgen"]
[Result "1-0"]
[WhiteElo "1998"]
[BlackElo "1851"]
[PlyCount "207"]
[EventDate "2011.??.??"]
[WhiteTeam "Frem"]
[BlackTeam "Bergen"]

1. e4 c5 2. Nf3 g6 3. d4 cxd4 4. Nxd4 Bg7 5. Nc3 Nc6 6. Be3 Nf6 7. Bc4 Qa5 8.
O-O Qb4 9. Bb3 O-O 10. f3 d6 11. a3 Qa5 12. Nd5 Qd8 13. Qd2 Bd7 14. c3 Na5 15.
Ba2 b5 16. b4 Nc4 17. Bxc4 bxc4 18. a4 a6 19. Bg5 e6 20. Nxf6+ Bxf6 21. Bxf6
Qxf6 22. Nc2 Rfd8 23. Ne3 Rac8 24. Rfd1 Bc6 25. Qd4 Qxd4 26. Rxd4 d5 27. exd5
exd5 28. a5 Rd7 29. Rad1 Rcd8 30. Ng4 Rd6 31. Ne5 Bb5 32. Ng4 Bc6 33. h4 h5 34.
Ne3 R6d7 35. g4 hxg4 36. fxg4 f6 37. Kf2 Kf7 38. R1d2 Ke6 39. Kg3 Rh8 40. Ng2
Rhd8 41. Nf4+ Kf7 42. g5 fxg5 43. hxg5 Rd6 44. Re2 Re8 45. Rxe8 Kxe8 46. Rd2
Kf7 47. Ne2 Rd8 48. Nd4 Ba4 49. Rh2 Kg8 50. Rh6 Be8 51. Kf4 Bf7 52. Rh3 Rd6 53.
Ke5 Rd8 54. Nc6 Re8+ 55. Kd6 Re6+ 56. Kc5 Be8 57. Nd4 Re5 58. Rg3 Kf8 59. Kd6
Re1 60. Kxd5 Bf7+ 61. Kd6 Ke8 62. Rh3 Bg8 63. Rh2 Rg1 64. Re2+ Kf8 65. Re3 Rxg5
66. Ne6+ Bxe6 67. Kxe6 Rg1 68. Re4 g5 69. Rxc4 g4 70. Kf5 g3 71. Rg4 g2 72. Kg5
Ke7 73. Rg3 Kd6 74. Kg4 Rc1 75. Rxg2 Rxc3 76. Kf5 Kc6 77. Rg6+ Kb5 78. Rb6+ Kc4
79. b5 Kb4 80. bxa6+ Kxa5 81. a7 Kxb6 82. a8=Q Kc5 83. Qa5+ Kd4 84. Qe5+ Kc4
85. Ke4 Rc2 86. Qd5+ Kb4 87. Qb7+ Kc4 88. Qc6+ Kb3 89. Qb5+ Kc3 90. Ke3 Ra2 91.
Qc5+ Kb3 92. Kd3 Rb2 93. Qc4+ Ka3 94. Qc1 Kb3 95. Qc3+ Ka2 96. Kc4 Kb1 97. Qa3
Rc2+ 98. Kd3 Rd2+ 99. Ke3 Rb2 100. Qa4 Ra2 101. Qd1+ Kb2 102. Kd2 Ka3+ 103. Kc3
Rg2 104. Qb3# 1-0

[Event "Politiken Cup 2011"]
[Site "Helsingor"]
[Date "2011.08.04"]
[Round "7.87"]
[White "Schmidt, Horst Hubert"]
[Black "Petersen, Tom"]
[Result "1-0"]
[WhiteElo "1816"]
[BlackElo "1997"]
[PlyCount "75"]
[EventDate "2011.??.??"]
[WhiteTeam "Brønshøj"]
[BlackTeam "Silkeborg"]

1. d4 e6 2. Nf3 d5 3. e3 Nf6 4. Bd3 c5 5. c3 Nc6 6. O-O Be7 7. Nbd2 a6 8. b3 b5
9. Re1 O-O 10. Ne5 Bb7 11. Ng4 Nxg4 12. Qxg4 c4 13. Bc2 e5 14. bxc4 dxc4 15.
Qh3 g6 16. a4 f5 17. Rb1 Qa5 18. axb5 axb5 19. d5 Nd8 20. e4 f4 21. Qd7 Ba3 22.
Qxb5 Bxc1 23. Rexc1 Qxc3 24. Nf3 Ba6 25. Qd7 Nf7 26. Ba4 Qa3 27. Bc6 Bc8 28.
Qc7 Ra7 29. Qb6 Bg4 30. Nd2 c3 31. Nc4 Qe7 32. d6 Qg5 33. Rxc3 Ra2 34. Bd5 Re2
35. d7 Kg7 36. Bxf7 Kxf7 37. Nd6+ Kg7 38. Ne8+ 1-0

[Event "Politiken Cup 2011"]
[Site "Helsingor"]
[Date "2011.08.04"]
[Round "7.88"]
[White "Diaz, Linda"]
[Black "Christensen, Benjamin"]
[Result "1-0"]
[WhiteElo "1988"]
[BlackElo "1880"]
[PlyCount "87"]
[EventDate "2011.??.??"]
[WhiteTeam "Marshall"]
[BlackTeam "Skanderborg"]

1. e4 c5 2. Nf3 d6 3. d4 cxd4 4. Nxd4 Nf6 5. Nc3 g6 6. Be2 Bg7 7. Be3 Nc6 8. f3
Bd7 9. Qd2 h5 10. h3 Rc8 11. O-O-O Ne5 12. g4 a5 13. f4 Nc4 14. Bxc4 Rxc4 15.
e5 dxe5 16. fxe5 Nxg4 17. hxg4 Bxg4 18. Qd3 Qc8 19. Rde1 Bxe5 20. Qe4 Bf6 21.
Nd5 Bf5 22. Nxf6+ Kf8 23. Bh6+ Rxh6 24. Qxe7+ Kg7 25. Nxf5+ Qxf5 26. Ne8+ Kg8
27. Qe2 Rc8 28. Qd2 Rc6 29. Rhf1 Qc5 30. c3 g5 31. Qd7 Qc4 32. Qd8 Kh7 33. Nf6+
Rhxf6 34. Rxf6 Qxa2 35. Qd3+ Kg7 36. Rxc6 bxc6 37. Qd4+ Kg6 38. Qe4+ Kg7 39.
Qd4+ Kg6 40. Re5 Qa1+ 41. Kc2 Qf1 42. Qe4+ Kf6 43. Rxa5 Qf2+ 44. Kb1 1-0

[Event "Politiken Cup 2011"]
[Site "Helsingor"]
[Date "2011.08.04"]
[Round "7.89"]
[White "Svendsen, Peter"]
[Black "Henningsen, Lasse"]
[Result "1-0"]
[WhiteElo "1987"]
[BlackElo "1670"]
[PlyCount "139"]
[EventDate "2011.??.??"]
[WhiteTeam "Hillerød"]
[BlackTeam "Helsingør"]

1. d4 d5 2. Nf3 Nf6 3. c4 e6 4. Bg5 Be7 5. Nc3 Nbd7 6. e3 O-O 7. Qc2 c6 8. Bd3
dxc4 9. Bxc4 Nd5 10. Bxe7 Qxe7 11. O-O Nxc3 12. bxc3 e5 13. Bd3 g6 14. e4 exd4
15. cxd4 Nf6 16. h3 Nh5 17. Rfe1 Be6 18. Rad1 Rad8 19. Qd2 Qf6 20. Bb1 Nf4 21.
Qe3 g5 22. a4 Kg7 23. a5 a6 24. Bd3 h5 25. Bf1 g4 26. hxg4 hxg4 27. Nh2 Rh8 28.
Qc3 Nh5 29. e5 Qg5 30. Qe3 Qh4 31. g3 Qe7 32. Bg2 Rh6 33. Qe2 Qg5 34. Qe3 Qxe3
35. Rxe3 Rd7 36. Re4 Rg6 37. Re2 Kh6 38. Nf1 Rg8 39. Ne3 Rgd8 40. Red2 f6 41.
exf6 Nxf6 42. Rb2 Re7 43. Re1 Rg7 44. Rb6 Kg5 45. Reb1 Bc8 46. R6b4 Rgd7 47.
Rd1 c5 48. Rb6 cxd4 49. Nc4 Nd5 50. Re6 Nf6 51. Nb6 Rc7 52. Nxc8 Rcxc8 53. Bxb7
Rc5 54. Rxa6 d3 55. Kg2 d2 56. Ra8 Rxa8 57. Bxa8 Rxa5 58. Bc6 Rc5 59. Bb7 Rc2
60. Kf1 Nd7 61. Ke2 Nc5 62. Bg2 Nb3 63. Bd5 Nc1+ 64. Ke3 Rb2 65. Rxd2 Rb8 66.
Bc4 Re8+ 67. Kd4 Rd8+ 68. Kc3 Re8 69. Rc2 Re1 70. Kd2 1-0

[Event "Politiken Cup 2011"]
[Site "Helsingor"]
[Date "2011.08.04"]
[Round "7.91"]
[White "Rasmussen, Lars"]
[Black "Salomonson, Sixten"]
[Result "1-0"]
[WhiteElo "1981"]
[BlackElo "1742"]
[PlyCount "63"]
[EventDate "2011.??.??"]
[WhiteTeam "Åbyhøj"]
[BlackTeam "HG Schack Helsingborg"]

1. e4 d5 2. exd5 Nf6 3. Bb5+ Bd7 4. Be2 Nxd5 5. d4 Bf5 6. Nf3 e6 7. O-O Be7 8.
c4 Nb6 9. Nc3 Nc6 10. Be3 O-O 11. Qd2 Nb4 12. Rac1 c5 13. a3 Na6 14. Rfd1 Qc8
15. Nb5 Rd8 16. Qc3 Na4 17. Qb3 cxd4 18. Nbxd4 N4c5 19. Nxf5 Bf6 20. Rxd8+ Bxd8
21. Bxc5 Qxc5 22. Ne3 b6 23. Rd1 Bf6 24. Ng4 Be7 25. Qd3 h5 26. Nge5 Rd8 27.
Qe4 Qc7 28. Qc6 Qb8 29. Rd7 Kf8 30. Qb7 Nc5 31. Qxb8 Rxb8 32. Rxe7 1-0

[Event "Politiken Cup 2011"]
[Site "Helsingor"]
[Date "2011.08.04"]
[Round "7.93"]
[White "Rosell, Sven"]
[Black "Andersen, Troels Baekgaard"]
[Result "1/2-1/2"]
[WhiteElo "1979"]
[BlackElo "1620"]
[PlyCount "88"]
[EventDate "2011.??.??"]
[WhiteTeam "LASK"]
[BlackTeam "Skovbo"]

1. c4 Nf6 2. Nc3 c6 3. g3 g6 4. Bg2 Bg7 5. Nf3 O-O 6. O-O d5 7. cxd5 cxd5 8. d3
Nc6 9. Bg5 h6 10. Bxf6 Bxf6 11. Qb3 e6 12. Rac1 Bd7 13. Rfd1 Qe7 14. e4 Na5 15.
Qc2 d4 16. Ne2 e5 17. Qd2 Nc6 18. Qxh6 Bg4 19. h4 Rac8 20. a3 Na5 21. b4 Nc6
22. Kh2 Rfd8 23. Neg1 a6 24. Nh3 Qf8 25. Qd2 Kg7 26. Nhg5 Qe7 27. Rh1 Rh8 28.
Bh3 Bxh3 29. Kxh3 Rh5 30. Kg2 Rd8 31. Qc2 Qd7 32. Qc4 Rhh8 33. Qb3 Na7 34. a4
Rc8 35. Rc5 Rxc5 36. bxc5 Qc7 37. Rb1 Rb8 38. Qd5 Nc6 39. Rb6 Rd8 40. Qa2 Rd7
41. Qc4 Na5 42. Qb4 Nc6 43. Qc4 Na5 44. Qb4 Nc6 1/2-1/2

[Event "Politiken Cup 2011"]
[Site "Helsingor"]
[Date "2011.08.04"]
[Round "7.94"]
[White "Aartun, Magnus"]
[Black "Bauder, Herbert"]
[Result "1-0"]
[WhiteElo "1788"]
[BlackElo "1971"]
[PlyCount "110"]
[EventDate "2011.??.??"]
[WhiteTeam "Stavanger"]
[BlackTeam "SG Lasker-Stieglitz Berlin"]

1. d4 Nf6 2. c4 g6 3. g3 Bg7 4. Bg2 O-O 5. Nc3 d6 6. Nf3 c5 7. O-O Nc6 8. e3
Bd7 9. b3 Qc8 10. Re1 Bg4 11. Bb2 e5 12. Ne2 cxd4 13. exd4 e4 14. Nd2 Re8 15.
a3 Qf5 16. Nf1 Bh6 17. Ne3 Bxe3 18. fxe3 Bf3 19. Rf1 Ng4 20. Qd2 Nxh2 21. Kxh2
Qh5+ 22. Kg1 Bxe2 23. Rf4 f5 24. Rh4 Qg5 25. Qxe2 Qxg3 26. Qf2 Qxf2+ 27. Kxf2
Na5 28. Bc3 Nc6 29. d5 Ne5 30. Bxe5 Rxe5 31. Rhh1 b6 32. b4 b5 33. Bf1 bxc4 34.
Bxc4 Rb8 35. Rac1 Re7 36. Ba6 Kg7 37. Rc6 Rd8 38. Rhc1 Kf6 39. Rc7 Rdd7 40.
Rxd7 Rxd7 41. a4 Ke5 42. Bc8 Rg7 43. Be6 g5 44. b5 h5 45. a5 g4 46. b6 axb6 47.
axb6 Rb7 48. Rc6 h4 49. Kg2 g3 50. Bc8 Rb8 51. b7 f4 52. exf4+ Kxf4 53. Rxd6 e3
54. Re6 Rxb7 55. Bxb7 Kg4 1-0

[Event "Politiken Cup 2011"]
[Site "Helsingor"]
[Date "2011.08.04"]
[Round "7.95"]
[White "Vesterli, Michael E"]
[Black "Overas, Vegard"]
[Result "0-1"]
[WhiteElo "1969"]
[BlackElo "1561"]
[PlyCount "120"]
[EventDate "2011.??.??"]
[WhiteTeam "BMS"]

1. d4 Nf6 2. c4 g6 3. Nc3 Bg7 4. e4 d6 5. Be2 O-O 6. Bg5 h6 7. Bf4 Nbd7 8. Qd2
Kh7 9. g4 e5 10. dxe5 dxe5 11. Bg3 Nc5 12. Qe3 Qd4 13. Qxd4 exd4 14. Nb5 Nfxe4
15. Nxc7 Nxg3 16. hxg3 Rb8 17. O-O-O Rd8 18. Bf3 d3 19. Nh3 Bd7 20. b4 Na4 21.
Nd5 Nb2 22. Rde1 d2+ 23. Kxd2 Nxc4+ 24. Kc1 Bb2+ 25. Kb1 (25. Kc2 Kg7 26. Be2
Bb5 27. Nc7 Bc3 28. Nxb5 Bxe1 29. Rxe1 Nd2) 25... Kg7 26. Be2 Bb5 27. Nc7 Bc3
28. Nxb5 Bxe1 29. Rxe1 Nd2+ 30. Kb2 a6 31. Na3 b5 32. Nf4 Ne4 33. Nd3 Rbc8 34.
Bf1 Nxf2 35. Nxf2 Rd2+ 36. Kb3 Rxf2 37. Bxb5 axb5 38. Nxb5 Rf3+ 39. Kb2 Rxg3
40. Re4 Rd8 41. Nc3 Rd2+ 42. Kb3 f5 43. gxf5 gxf5 44. Rc4 Rd7 45. b5 Rg4 46.
Rc6 f4 47. b6 Rg6 48. Rxg6+ Kxg6 49. a4 f3 50. Ne4 Kf5 51. Nf2 Ke6 52. Kc4 Kd6
53. Kb5 Re7 54. a5 Re2 55. Ka6 Rxf2 56. b7 Rb2 57. Ka7 f2 58. a6 f1=Q 59. b8=Q+
Rxb8 60. Kxb8 Qb5+ 0-1

[Event "Politiken Cup 2011"]
[Site "Helsingor"]
[Date "2011.08.04"]
[Round "7.96"]
[White "Madison, Sigurd"]
[Black "Ambrosanio, Raffaele"]
[Result "0-1"]
[WhiteElo "1749"]
[BlackElo "1967"]
[PlyCount "126"]
[EventDate "2011.??.??"]
[WhiteTeam "LASK"]
[BlackTeam "A.S Mebs Sana Siena"]

1. e4 d6 2. d4 Nf6 3. Nd2 g6 4. Be2 Bg7 5. Ngf3 b6 6. O-O O-O 7. Re1 Nbd7 8.
Bc4 e5 9. c3 Bb7 10. Qc2 Rc8 11. dxe5 dxe5 12. Nf1 c6 13. Bg5 Qc7 14. Rad1 b5
15. Be2 Nc5 16. Ng3 Ne6 17. Be3 a6 18. Bf1 c5 19. h3 h5 20. h4 Ng4 21. Bc1 c4
22. Ng5 Bf6 23. Nh1 Be7 24. Be2 Nf6 25. Ng3 Nf4 26. Bxf4 exf4 27. Nf1 Qe5 28.
Nd2 Rcd8 29. Ndf3 Qc7 30. e5 Rxd1 31. Bxd1 Ng4 32. e6 f5 33. Nd4 Ne5 34. Be2
Re8 35. Qd1 Ng4 36. Bf3 Bc8 37. Nc6 Bc5 38. Bxg4 hxg4 39. e7 Qd6 40. Qxd6 Bxd6
41. Rd1 Bxe7 42. Nxe7+ Rxe7 43. Rd8+ Kg7 44. Rxc8 Re1+ 45. Kh2 Re2 46. Rc7+ Kf8
47. Ra7 Rxf2 48. Kg1 g3 49. b3 Rxa2 50. Kf1 cxb3 51. Ne6+ Ke8 52. Nc7+ Kd8 53.
Ne6+ Kc8 54. Rc7+ Kb8 55. Rd7 Rf2+ 56. Ke1 b2 57. Rd8+ Ka7 58. Rd7+ Kb6 59.
Rd6+ Ka5 60. Rd1 Rxg2 61. Kf1 Rh2 62. Kg1 f3 63. Nc5 f2+ 0-1

[Event "Politiken Cup 2011"]
[Site "Helsingor"]
[Date "2011.08.04"]
[Round "7.97"]
[White "Overas"]
[Black "Brobakken, Geir"]
[Result "1-0"]
[WhiteElo "1503"]
[BlackElo "1966"]
[PlyCount "125"]
[EventDate "2011.??.??"]
[BlackTeam "Hamar"]

1. d4 Nf6 2. Nf3 d5 3. c4 c6 4. Nc3 e6 5. Bf4 Bd6 6. Bxd6 Qxd6 7. e3 O-O 8. Bd3
Nbd7 9. Qc2 dxc4 10. Bxc4 Re8 11. O-O-O b5 12. Bd3 Nf8 13. Ne5 Bb7 14. g4 Ng6
15. f4 Nd5 16. Ne4 Qe7 17. Qf2 Nxe5 18. fxe5 f6 19. exf6 Nxf6 20. Rhg1 Nd5 21.
h4 Rad8 22. Nc5 Rf8 23. Qc2 Bc8 24. Bxh7+ Kh8 25. g5 Nxe3 26. Qe2 Nxd1 27. Qh5
g6 28. Bxg6+ Kg8 29. Rxd1 Rf4 30. Ne4 Qg7 31. Nf6+ Kf8 32. Bh7 Ke7 33. Be4 Rh8
34. Qe2 Rhxh4 35. Bxc6 Rf5 36. Nd5+ Kf8 37. Ne3 Qxg5 38. Kb1 Rf6 39. Bxb5 Re4
40. Qc4 Bb7 41. Qb4+ Kg7 42. Qe7+ Kh6 43. Rh1+ Rh4 44. Rxh4+ Qxh4 45. Ng4+ Kg6
46. Bd3+ Kh5 47. Nxf6+ Kg5 48. Nh7+ Kg4 49. Qxh4+ Kxh4 50. Bc4 Be4+ 51. Kc1
Bxh7 52. Bxe6 Kg3 53. Kd2 Kf4 54. Kc3 Ke4 55. Kc4 Bg6 56. b3 Bh5 57. a4 Bd1 58.
a5 Be2+ 59. Kc5 Ba6 60. b4 Bb7 61. b5 Ba8 62. a6 Kf4 63. Bd5 1-0

[Event "Politiken Cup 2011"]
[Site "Helsingor"]
[Date "2011.08.04"]
[Round "7.101"]
[White "Andersen, Daniel"]
[Black "Hald, Morten Hansen"]
[Result "1-0"]
[WhiteElo "1963"]
[BlackElo "1829"]
[PlyCount "91"]
[EventDate "2011.??.??"]
[WhiteTeam "Frederiksund"]
[BlackTeam "Køge"]

1. c4 Nf6 2. Nc3 e5 3. Nf3 Nc6 4. e4 Bc5 5. Nxe5 Bxf2+ 6. Kxf2 Nxe5 7. d4 Neg4+
8. Kg1 d6 9. h3 Nh6 10. Bxh6 gxh6 11. Bd3 Rg8 12. Qf3 Rg7 13. Kh2 Qe7 14. Rhf1
Ng8 15. Nd5 Qd8 16. Rae1 c6 17. Ne3 Qc7 18. Nf5 d5+ 19. Kh1 Bxf5 20. exf5+ Kf8
21. cxd5 Rg3 22. Qe2 Nf6 23. dxc6 Re8 24. Qd2 Rxe1 25. Rxe1 Qxc6 26. Qxh6+ Kg8
27. Bf1 Qb6 28. Qh4 Qd6 29. Re5 Rg7 30. Qf4 Qc6 31. Qe3 Kh8 32. Rc5 Qd7 33. Qe5
Qd8 34. Rc7 Ng4 35. Qe7 Nf2+ 36. Kh2 Qxd4 37. Rc8+ Rg8 38. Rxg8+ Kxg8 39. f6
Qf4+ 40. g3 Ng4+ 41. hxg4 Qd2+ 42. Be2 Qh6+ 43. Kg2 b6 44. Qe8+ Qf8 45. Qxf8+
Kxf8 46. Kf3 1-0

[Event "Politiken Cup 2011"]
[Site "Helsingor"]
[Date "2011.08.04"]
[Round "7.102"]
[White "Knudsen, Jes West"]
[Black "Kopperberg, Steen"]
[Result "0-1"]
[WhiteElo "1960"]
[BlackElo "1782"]
[PlyCount "132"]
[EventDate "2011.??.??"]
[WhiteTeam "Allerød"]
[BlackTeam "Frederiksværk"]

1. e4 e6 2. d4 d5 3. Nc3 Nf6 4. e5 Nfd7 5. Nf3 c5 6. Bb5 Nc6 7. O-O Qb6 8. Be3
cxd4 9. Nxd4 Nxd4 10. Bxd4 Bc5 11. Bxc5 Qxc5 12. Qg4 O-O 13. Bxd7 Bxd7 14. Rad1
Rac8 15. Rd2 Bb5 16. Re1 a5 17. Re3 Qc4 18. Qd1 Qb4 19. Qc1 Ba6 20. a3 Qf4 21.
Qd1 Rc7 22. Rd4 Qg5 23. f4 Qe7 24. f5 Qg5 25. Rf3 Rc4 26. h4 Rxd4 27. Qxd4 Qc1+
28. Kh2 exf5 29. Nxd5 Kh8 30. Qc5 Re8 31. Rxf5 Qh6 32. Qf2 Bc4 33. Nf4 g6 34.
Rg5 Qf8 35. Nh5 h6 36. Qf6+ Kh7 37. Rg4 Be6 38. Rg3 gxh5 39. c4 Bg4 40. Qd6 Qe7
41. Qxe7 Rxe7 42. b4 axb4 43. axb4 Rxe5 44. c5 Re4 45. b5 Rc4 46. c6 bxc6 47.
bxc6 Rxc6 48. Re3 Re6 49. Rc3 Kg6 50. g3 Re2+ 51. Kg1 Kf5 52. Rc4 Re4 53. Rc6
f6 54. Rc5+ Re5 55. Rc4 Ke6 56. Rc6+ Kf5 57. Rc4 Rd5 58. Rf4+ Ke5 59. Ra4 f5
60. Kf2 Rd2+ 61. Ke1 Rd4 62. Ra6 Ke4 63. Kf2 Rd2+ 64. Ke1 Re2+ 65. Kf1 Kf3 66.
Rxh6 Kxg3 0-1

[Event "Politiken Cup 2011"]
[Site "Helsingor"]
[Date "2011.08.04"]
[Round "7.103"]
[White "Barane, Simon"]
[Black "Jacobsen, Fredrik Beer"]
[Result "1/2-1/2"]
[WhiteElo "1830"]
[BlackElo "1956"]
[PlyCount "155"]
[EventDate "2011.??.??"]
[WhiteTeam "Sandness"]
[BlackTeam "Stavanger"]

1. d4 Nf6 2. f3 g6 3. e4 d6 4. Be3 Bg7 5. Nc3 Nbd7 6. Qd2 e5 7. d5 a6 8. a4 b6
9. Nh3 Qe7 10. Rd1 Bb7 11. Nf2 O-O-O 12. b4 Rhf8 13. Na2 Nh5 14. a5 f5 15. b5
f4 16. bxa6 fxe3 17. axb7+ Kxb7 18. a6+ Ka8 19. Qxe3 c5 20. dxc6 Nc5 21. Nc3
Qc7 22. Nd5 Qa7 23. c7 Rc8 24. Rb1 Rxc7 25. Nxb6+ Kb8 26. Nd5+ Kc8 27. Nxc7
Kxc7 28. Qc3 Rb8 29. Rxb8 Kxb8 30. Nd3 Nxa6 31. Nb4 Nxb4 32. Qxb4+ Kc7 33. Qc4+
Kd8 34. Qc3 Bh6 35. g3 Be3 36. Bh3 Ng7 37. Rf1 Ke7 38. Ke2 Bd4 39. Qd3 Ne8 40.
Qc4 Nc7 41. f4 Qa6 42. Qxa6 Nxa6 43. f5 Nc5 44. fxg6 hxg6 45. Bg2 Nd7 46. Rb1
Kf6 47. Bf3 Nc5 48. Rd1 Na4 49. Rf1 Kg7 50. Kd2 Nc3 51. Kd3 Na4 52. Rb1 Nb2+
53. Ke2 Kf7 54. Bg4 Kf6 55. Rf1+ Ke7 56. h4 Nc4 57. Rf3 Nb6 58. Ra3 Nc4 59. Rf3
Nb6 60. Kd3 Na4 61. Kc4 Nb2+ 62. Kd5 Na4 63. Kc4 Nb2+ 64. Kd5 Na4 65. h5 gxh5
66. Bxh5 Nc3+ 67. Rxc3 Bxc3 68. g4 Bb4 69. g5 Kf8 70. Ke6 Kg7 71. Kf5 Bc5 72.
c3 Ba3 73. Ke6 Bc5 74. Kd5 Ba3 75. Kc4 Bc5 76. Kb3 Be3 77. Kc4 Bc5 78. Kd5
1/2-1/2

[Event "Politiken Cup 2011"]
[Site "Helsingor"]
[Date "2011.08.04"]
[Round "7.120"]
[White "Hess, Peter"]
[Black "Jensen, Jonbert M S"]
[Result "1-0"]
[WhiteElo "1948"]
[BlackElo "1595"]
[PlyCount "31"]
[EventDate "2011.??.??"]
[BlackTeam "AS04"]

1. e4 d6 2. d4 Nf6 3. Nc3 g6 4. Be3 Bg7 5. Qd2 O-O 6. Nf3 Ng4 7. Bg5 Bf6 8. h4
e5 9. O-O-O exd4 10. Nxd4 Bxg5 11. hxg5 Nc6 12. f4 f5 13. Bc4+ Rf7 14. Bxf7+
Kxf7 15. Rxh7+ Kg8 16. Rdh1 1-0